00592nam a2200217 a 4500001001300000003000900013005001700022008004100039020001000080082002000090100002100110245002900131260003900160300000900199500003500208505004400243650002300287650001900310650002400329700002100353nice12345678IN_TiNIC20260116013249.0050524s2000 jaia grp 000 0 eng  ac35000a305.480297bMOI aMoinuddin, S A H aDivorce and Muslim Women aJaipur bRawat Publications c2000 a188p aincludes index and biblioraphy2 aCommunal and Ethinic Violence in India. aMuslim Women-India aWomen in Islam aIslamic-Law Divorce1 aMoinuddin, S A H